02366agaaa2200289 45000010005000000030009000050050017000140070009000310080040000400400023000800410013001031000049001161300025001652450181001902500022003712600134003933000033005275080147005605110087007075201015007945380016018095460013018256500057018387000057018957000061019527000063020139699IT-RoPAU20220918181224.0d cvaizq50131s9999||||xx ||| | || ||und|| aIT-RoPAUcIT-RoPAU aITALIANO aFerrario DavidegCodice regista SPICS: 11784 aTUTTA COLPA DI GIUDA aTUTTA COLPA DI GIUDAcProdotto da: Ferrario Davide -- Sceneggiatura: Ferrario Davide -- Diretto da: Ferrario DavidepTUTTA COLPA DI GIUDA (Rif. Codice opera principale : H9699) aEdizione Standard a(ITALIA)bROSSOFUOCO - FILM COMMISSION TORINO PIEMO / Distribuzione: FELTRINELLIg"2009 (1° ed.: 2010 ; Ed. Lingua Orig.: 2009)" aDVDbsonoro, col.c95 minuti a"Fotografia: Cecchin Dante; Montaggio: Cormio Claudio; Musica: Barovero Fabio; Sceneggiatura: Ferrario Davide; Scenografia: Bocca Francesca; " a"Smutniak Kasia; Troiano Fabio; Gobbi Gianluca; Godano Cristiano; Signa Francesco" a"UNA REGISTA TEATRALE D'AVANGUARDIA, UN DIRETTORE DI CARCERE. UN CAPPELLANOCHE VUOLE METTERE IN SCENA UNA PASSIONE. VENTI DETENUTI CHE ASPETTANO SOLOCHE IL TEMPO PASSI. QUANDO IRENA MIRKOVIC ACCETTA DI COLLABORARE CON DON IRIDORO NON SA CHE QUELL'ESPERIENZA LE CAMBIERA' LA VITA. NON SOLO PERCHE' L'INCONTRO CON IL DIRETTORE LIBERO TARSITANO LA SPINGERA' A CHIUDERE DEFINITIVAMENTE LA RELAZIONE COL SUO FIDANZATO-ATTORE CRISTIANO, MA PERCHE' PRESTOSI TROVERA' DI FRONTE A UN PROBLEMA INSOLUBILE. DOPO AVER CONQUISTATO LA FIDUCIA DEI DETENUTI, IRENA SI RENDE CONTO CHE DENTRO NESSUNO E' INTENZIONATO A FARE LA PARTE DI GIUDA, PER MOTIVI CHE IN UN CARCERE SONO CHIARI A TUTTI. NONOSTANTE LE SUE INSISTENZE I RAGAZZI RESTANO ADAMANTINI NEL LORO RIFIUTO. ANCHE PERCHE' C'E' CHI REMA CONTRO LO SPETTACOLO: SUOR BONARIA, UNA RELIGIOSA INFLESSIBILE MA DOTATA ANCHE DI SPIRITO MOLTO PRATICO. CONTENUTI SPECIALI: BACKSTAGE; BLOOPERS E SCENE TAGLIATE; TRAILER; VIDEOCLIP CANZONE IN PRIGIONE, COLPA DI GIUDA, DANCE SLOW." aPAL, STEREO aITALIANO aCOMMEDIAeDVD-FILM [DVD]xCodice MATERIA SPICS: 9947 aBarovero Fabioe(musica)gCodice Musica SPICS: 59905 aFerrario Davide e(regista)gCodice regista SPICS: 11784 aFerrario Davide e(soggetto)gCodice Soggetto SPICS: 11784